| 000 | 01213nas a2200325 4500 | ||
|---|---|---|---|
| 001 | BR2012004557 | ||
| 003 | BR-BrBNA | ||
| 005 | 20231205120744.0 | ||
| 007 | ta | ||
| 008 | 230509b bl.|||p| |||| 00| 00por d | ||
| 040 |
_aBR-BrBNA _bpor _cBiblioteca Nacional de Agricultura |
||
| 041 | _a(Es) | ||
| 072 | _aH20 | ||
| 100 | 1 | _aDominguez-Guerrero, I.P. | |
| 100 | 1 | _aMohali-Castillo, S.R. | |
| 100 | 1 | _aMarín-Montoya, M.A. | |
| 100 | 1 | _aPino-Menesini, H.B. | |
| 245 | 1 | _aCaracterización y variabilidad genética de Colletotrichum gloeosporioides sensu lato en plantaciones de palma aceitera (Elaeis guineensis Jacq.)en Venezuela | |
| 246 | 1 | _aCharacterization and genetic variability of Colletotrichum gloeosporioides sensu lato in oil plam (Elaeis guineensis Jacq.)plantations from Venezuela | |
| 650 | _aDENDÊ | ||
| 650 | _aELAEIS GUINEENSIS | ||
| 650 | _aCOLLETOTRICHUM GLOEOSPORIOIDES | ||
| 650 | _aVARIAÇÃO GENÉTICA | ||
| 650 | _aANTRACNOSE | ||
| 650 | _aFUNGO | ||
| 650 | _aDOENÇA FÚNGICA | ||
| 773 | 0 |
_tTropical Plant Pathology (Brazil) _xISSN 1982-5676 _g(Mar-Apr 2012), v. 37(2) p. 108-122 _wBR2012004557 |
|
| 909 |
_a202311 _bLúcia _c55 _dLúcia Elande |
||
| 942 |
_2AGRIS _n0 _cANA |
||
| 999 |
_c220146 _d220146 |
||